Statistics for National capitals by the border!

Click here to take the quiz!

General Stats

  • This quiz has been taken 8 times
  • The average score is 11 of 19

Answer Stats

Answer% Correct
Andorra la Vella
88%
San Marino
88%
Jerusalem
75%
Kinshasa
75%
Luxembourg
75%
Monaco
75%
Vaduz
75%
Vatican City
75%
Asuncion
63%
Bandar Seri Begawan
63%
Brazzaville
63%
Singapore
63%
Bangui
50%
Bratislava
50%
Ashgabat
38%
Bishkek
38%
Maseru
38%
Gaborone
0%
N'Djamena
0%

Score Distribution

Percentile by Number Answered

Percent of People with Each Score

Your Score History

You have not taken this quiz